Vista normal
Vista MARC
Entrada Topical Term
Número de registros utilizados en: 1
001 - CONTROL NUMBER
- control field: 38217
003 - CONTROL NUMBER IDENTIFIER
- control field: OSt
005 - DATE AND TIME OF LATEST TRANSACTION
- control field: 20210608180952.0
008 - FIXED-LENGTH DATA ELEMENTS
- fixed length control field: 210608|| aca||aabn | a|a d
040 ## - CATALOGING SOURCE
- Original cataloging agency: OSt
- Transcribing agency: OSt
150 ## - HEADING--TOPICAL TERM
- Topical term or geographic name entry element: Herencia histórica
670 ## - SOURCE DATA FOUND
- Source citation: Work cat.: (OSt)11699: Ocampo; José Antonio, autor 6129, La historia y los retos del desarrollo Latinoamericano / , 2012.